000 00482nam a2200193Ia 4500
005 20260429112154.0
008 260429s9999||||xx |||||||||||||| ||und||
020 _a9781647289508
041 _aEnglish
082 _a657
_bHIL
100 _aHill, Chloe
245 0 _aFundamentals of accounting /
_cChloe Hill
250 _a1st ed.
260 _aNew York :
_bWillford Press,
_c2025.
300 _avii, 233 p.; pbk
650 _a Finance
650 _aAccounting
942 _cTB
999 _c52716
_d52716